La carpintería en Granada (Record no. 987)

MARC details
000 -CABECERA
campo de control de longitud fija 00829nam a2200217 a 4500
001 - NÚMERO DE CONTROL
campo de control BRCA_1108
005 - FECHA Y HORA DE LA ÚLTIMA TRANSACCIÓN
campo de control 20190320203302.0
008 - DATOS DE LONGITUD FIJA--INFORMACIÓN GENERAL
campo de control de longitud fija 020916s2001 sp-a---##b---#000-0#spa-#
020 ## - NÚMERO INTERNACIONAL ESTÁNDAR DEL LIBRO
Número Internacional Estándar del Libro 8460732010
040 ## - FUENTE DE LA CATALOGACIÓN
Centro catalogador/agencia de origen DLC
Centro/agencia transcriptor DLC
050 #4 - SIGNATURA TOPOGRÁFICA DE LA BIBLIOTECA DEL CONGRESO
Número de clasificación NK9662
Número de documento/Ítem .G66 2001
100 1# - ENTRADA PRINCIPAL--NOMBRE DE PERSONA
Nombre de persona Gómez-Moreno, Manuel
Fechas asociadas al nombre 1870-1970
9 (RLIN) 3657
245 10 - MENCIÓN DE TÍTULO
Título La carpintería en Granada
Mención de responsabilidad, etc. Manuel Gómez-Moreno Martínez ; estudios preliminares de Ma. Carmen López Pertíñez y Javier Moya Morales.
260 ## - PUBLICACIÓN, DISTRIBUCIÓN, ETC.
Lugar de publicación, distribución, etc. Granada
Nombre del editor, distribuidor, etc. Instituto Gómez-Moreno de la Fundación Rodríguez-Acosta
Fecha de publicación, distribución, etc. 2001
300 ## - DESCRIPCIÓN FÍSICA
Extensión 194 p.
Otras características físicas il. (algunas a color)
Dimensiones 24 cm.
440 #0 - MENCIÓN DE SERIE/PUNTO DE ACCESO ADICIONAL--TÍTULO
Título Documentos y estudios de arte granadino
Designación de volumen o secuencia 2
9 (RLIN) 3658
650 14 - PUNTO DE ACCESO ADICIONAL DE MATERIA--TÉRMINO DE MATERIA
Término de materia o nombre geográfico como elemento de entrada Artesanía en madera
Subdivisión geográfica España
9 (RLIN) 3659
700 1# - PUNTO DE ACCESO ADICIONAL--NOMBRE DE PERSONA
Nombre de persona López Pertíñez, Ma. Carmen
9 (RLIN) 3660
700 1# - PUNTO DE ACCESO ADICIONAL--NOMBRE DE PERSONA
Nombre de persona Moya Morales, Javier
9 (RLIN) 3661
942 ## - ELEMENTOS DE PUNTO DE ACCESO ADICIONAL (KOHA)
Fuente del sistema de clasificación o colocación Library of Congress Classification
Tipo de ítem Koha Libros
Holdings
Estado de retiro Estado de pérdida Estado dañado No para préstamo Localización permanente Ubicación/localización actual Fecha de adquisición Total de préstamos Signatura topográfica completa Código de barras Fecha visto por última vez Precio válido a partir de Tipo de ítem Koha
El ejemplar forma parte de la colección y puede ser consultado según las políticas vigentes.       Biblioteca del Museo Franz Mayer (Rogerio Casas-Alatriste) Biblioteca del Museo Franz Mayer (Rogerio Casas-Alatriste) 26/06/2008   NK9662 .G66 2001 01634 22/03/2019 22/03/2019 Libros